000 00276nam a22001337a 4500
008 170731b xxu||||| |||| 00| 0 eng d
020 _a9780314163264
041 _aeng
080 _a004
100 _a32
101 _aSHK
245 _aBARBRI
_cWYDICK,R.C
942 _2udc
_cBK
999 _c22191
_d22191